Generación de una solución de Business Intelligence para el análisis de la matrícula en la Universidad Adventista de Chile.
Shranjeno v:
| Glavni avtor: | |
|---|---|
| Korporativna značnica: | |
| Drugi avtorji: | |
| Format: | Thesis Book Chapter |
| Jezik: | španščina |
| Izdano: |
Chillán, Chile.
2012.
|
| Teme: | |
| Online dostop: | Visualizar y Descargar en Repositorio Biblioteca UnACh. |
| Oznake: |
Označite
Brez oznak, prvi označite!
|
MARC
| LEADER | 00000naa a22000005a 4500 | ||
|---|---|---|---|
| 003 | CL-ChBUA | ||
| 005 | 20260413130044.0 | ||
| 007 | t| | ||
| 008 | 131107s2012 cl ||||| |||| ||||||spa | ||
| 040 | |a CL-ChBUA |c CL-ChBUA | ||
| 090 | 4 | |a T/G Ing. Civ. Inf. |b M 425 |c 2012. | |
| 100 | 1 | |a Matamala Muñoz, Gerardo Elias | |
| 245 | 1 | 0 | |a Generación de una solución de Business Intelligence para el análisis de la matrícula en la Universidad Adventista de Chile. |b |c Gerardo Elias Matamala Muñoz; Profesor guía: Jorge Luis Artola Ichaso |h TESIS. |
| 260 | |a Chillán, Chile. |c 2012. | ||
| 300 | |a 125 h. |b il., tablas, gráficos. |e 1 CD-ROM | ||
| 336 | |2 rdacontent |a text |b txt | ||
| 337 | |2 rdamedia |a computer |b c | ||
| 338 | |2 rdacarrier |a computer disc |b cd | ||
| 500 | |a CD-ROM contiene laTesis en formato digital. | ||
| 502 | |a Tesis para optar al título de Ingeniero Civil en Informática, Universidad Adventista de Chile, Chillán, 2012. | ||
| 504 | |a Bibliografía: h. 124-125. | ||
| 505 | |a Resumen: Actualmente las Instituciones educativas están constantemente sometidas a procesos que aseguren calidad, eso se traduce en acreditaciones de procesos, institucionales y de carreras. Estas acreditaciones requieren de análisis concisos de los datos que son generados por dichas instituciones educativas. Ante la gran cantidad de datos a analizar es necesario encontrar los mecanismos y herramientas que permitan entregar dichos datos de la forma más íntegra posible, el Business Intelligence cumple con esa tarea. En esta tesis se demostrará una manera de analizar estos datos (especícamente de la matrícula de los alumnos) con esta Tecnología. | ||
| 650 | 4 | |a ORDENADORES ELECTRÓNICOS. | |
| 650 | 4 | |a REGISTROS ACADÉMICOS. | |
| 650 | 4 | |a SOFTWARE. | |
| 700 | 1 | |a Artola Ichaso, Jorge Luis |e Profesor Guía. | |
| 710 | 1 | |a Universidad Adventista de Chile. |b Facultad de Ingeniería y Negocios. | |
| 856 | |u https://bibliorepositorio.unach.cl/handle/123456789/1010 |z Visualizar y Descargar en Repositorio Biblioteca UnACh. | ||
| 942 | |2 ddc |c LTS | ||
| 945 | |0 drb (actualización) | ||
| 952 | |0 0 |1 0 |2 ddc |4 0 |6 TG_ING__INF__M_425_20120000000 |7 0 |9 1149000 |a UNACH |b UNACH |c Hemeroteca |d 2015-10-22 |i 258 |l 0 |o T/G Ing. Inf. / M 425 2012 c.2 UNACH CD |p 86867 |r 2015-10-22 00:00:00 |t 2 |w 2015-10-22 |y LTS | ||
| 952 | |0 0 |1 0 |2 ddc |4 0 |6 T_G_ING__INF__M_425_201200000000000_UNACH_IMPRESO |7 0 |9 1169173 |a UNACH |b UNACH |c HEM |d 2021-03-16 |i 1164 |l 0 |o T/G Ing. Inf. / M 425 2012 UNACH Impreso |p 105720 |r 2025-11-26 11:31:09 |t 1 |w 2021-03-16 |y LTS | ||
| 999 | |c 2192460 |d 2192460 | ||